| 000 | 00457nam a22001817a 4500 | ||
|---|---|---|---|
| 999 |
_c10624 _d10624 |
||
| 003 | OSt | ||
| 008 | 210410b ||||| |||| 00| 0 eng d | ||
| 020 | _a9780857090270 | ||
| 100 | _aMAJUMDAR,Abhijit | ||
| 245 | _aProcess Control in Textile Manufacturing | ||
| 260 |
_aNew Delhi _bWoodhead Publishing Limited _c2013 |
||
| 300 | _a492 | ||
| 650 | _aTextile | ||
| 700 | _aDAS,Apurba | ||
| 700 | _aALAGIRUSAMY,R | ||
| 700 | _aKOTHARI,VK | ||
| 942 |
_2ddc _cBK |
||